El ciervo perseguido : vida y obra de Roque Dalton /
Gorde:
| Egile nagusia: | |
|---|---|
| Formatua: | Liburua |
| Hizkuntza: | Spanish |
| Argitaratua: |
San Salvador :
Dirección de Publicaciones e Impresos,
2002.
|
| Edizioa: | 1. edición |
| Saila: | Colección Orígenes (San Salvador, El Salvador) ;
volumen número 13 |
| Gaiak: | |
| Etiketak: |
Etiketa erantsi
Etiketarik gabe, Izan zaitez lehena erregistro honi etiketa jartzen!
|
MARC
| LEADER | 00000cam a22000004a 4500 | ||
|---|---|---|---|
| 001 | 5009540 | ||
| 005 | 20141127071531.0 | ||
| 008 | 031215s2002 es cfh b f000 0bspa c | ||
| 020 | |a 9992300949 | ||
| 040 | |a LRU |c LRU |d DLC |d NNC |d CRU CIICLA | ||
| 082 | 0 | 0 | |a 92 |b D152a |
| 100 | 1 | |a Alvarenga, Luis, |d 1969- | |
| 245 | 1 | 3 | |a El ciervo perseguido : |b vida y obra de Roque Dalton / |c Luis Alvarenga. |
| 250 | |a 1. edición | ||
| 260 | |a San Salvador : |b Dirección de Publicaciones e Impresos, |c 2002. | ||
| 300 | |a 176 páginas, xvi hojas de láminas : |b facsimísiles., retratos. | ||
| 490 | 1 | |a Colección Orígenes (San Salvador, El Salvador) ; |v volumen número 13 | |
| 504 | |a Incluye referencias bibliográficas (páginas 171-176). | ||
| 505 | |t Los años de Roque Dalton -- Esbozo biográfico -- Orígenes y leyenda de Dalton -- El viajero de sí mismo -- (Po)ética -- Casi un epílogo -- Bibliografía. | ||
| 600 | 1 | 0 | |a DALTON, ROQUE |d 1935-1975. |
| 650 | 1 | 4 | |a AUTORES SALVADOREÑOS |y SIGLO XX |v BIOGRAFIA |
| 651 | 0 | |a EL SALVADOR |x HISORIA |y 1944-1979. | |
| 942 | |2 ddc |c BK | ||
| 999 | |c 3620 |d 3620 | ||



